Uplatnenie základných nástrojov manažérstva kvality pri analýze nezhodných produktov
Analýza nezhodných produktov a zlepšenie ich kvality, ktoré predstavuje značný prínos pre podnik. Analýza zameraná na vybraný druh produktov, ktoré boli vyrobené počas obdobia štyroch rokov. Výskyt nezhodných produktov zistený na základe zákazníckych reklamácií. Pri analýze uplatnené základné nástro...
Gespeichert in:
| 1. Verfasser: | |
|---|---|
| Weitere Verfasser: | |
| Format: | Buchkapitel |
| Sprache: | Slowakisch |
| Schlagworte: | |
| Tags: |
Keine Tags, Fügen Sie das erste Tag hinzu!
|
MARC
| LEADER | 00000naa a2200000 4500 | ||
|---|---|---|---|
| 001 | 0277654 | ||
| 005 | 20210803100512.9 | ||
| 041 | 0 | |a slo | |
| 044 | |a SK | ||
| 245 | 1 | 0 | |a Uplatnenie základných nástrojov manažérstva kvality pri analýze nezhodných produktov |c Martin Mareček-Kolibiský, Marta Kučerová |
| 520 | |a Analýza nezhodných produktov a zlepšenie ich kvality, ktoré predstavuje značný prínos pre podnik. Analýza zameraná na vybraný druh produktov, ktoré boli vyrobené počas obdobia štyroch rokov. Výskyt nezhodných produktov zistený na základe zákazníckych reklamácií. Pri analýze uplatnené základné nástroje manažérstva kvality. Navrhnuté nápravné opatrenia a zhodnotený prínos z realizovaných opatrení. | ||
| 610 | 2 | 0 | |a produkty |
| 610 | 2 | 0 | |a manažment |
| 610 | 2 | 0 | |a riadenie kvality |
| 610 | 2 | 0 | |a reklamácie |
| 100 | 1 | |a Mareček-Kolibiský, Martin | |
| 700 | 1 | |a Kučerová, Marta | |